000 01041naa a22002657a 4500
001 BR9507196
003 BR-BrBNA
005 20240918181409.0
007 ta
008 230509b bl.||||| |||| 00| 0 por d
040 _aBR-BrBNA
_bpor
_cBiblioteca Nacional de Agricultura
041 _a(Pt)
072 _aL53
_b7110
090 _aL53 BR9507196
100 1 _aDuay, P.R.
111 1 _a10. Congresso Brasileiro de Apicultura
_cCaldas Novas, GO (Brazil)
_d14-18 Aug 1994
245 1 _aIntroducao e fecundacao de abelhas rainhas de Apis mellifera
260 3 _aCaldas Novas, GO (Brasil):
_c1994.
500 _aSoares, A.E.E.; Jong, D. de(eds.) Anais do 10. Congresso Brasileiro de Apicultura Caldas Novas, GO (Brasil): 1994. p. 75-82 (BR9507196-AM)L53
650 _aAbelha Rainha
650 _aFecundacao Animal
773 0 _tAnais do 10. Congresso Brasileiro de Apicultura
_aSoares, A.E.E.; Jong, D. de(eds.)
_wL53 BR9507196
_gCaldas Novas, GO (Brasil), 1994. p. 75-82
909 _a202404
_bLucia
_c55
_dLucia Elande
942 _cAM
_2AGRIS
999 _c325084
_d325084